Catalog

Record Details

Catalog Search



Umělecké památky Čech. 2, K-O / kolektiv vědeckých a odborných pracovníků Ústavu teorie a dějin umění ČSAV v Praze za vedení a redakce Emanuela Pocheho ; [graficky upravil Petr Čech a Josef Týfa]

Týfa, Josef, 1913-2007 (Book designer). Čech, Petr (Book designer). Poche, Emanuel, 1903-1987 (Editor).

Summary:

Druhý díl obsahující umělecké památky Čech v rozmezí písmen K-O s přesným popisem, nákresem a vyobrazením pamětihodnosti.

Record details

  • Physical Description: 578 s. : 652 čb. obr. ; 27 cm
  • Edition: Vyd. 1.
  • Publisher: Praha : Academia, 1978

Content descriptions

General Note:
Seznam obrázků s. 568-578
Subject: česká architektura
české malířství
umělecké památky > Česko
umělecká řemesla > Česko
české sochařství
topografie
české výtvarné umění
Česko
Genre: encyklopedie

Available copies

  • 2 of 2 copies available at Common Catalog SPOK.

Holds

  • 0 current holds with 2 total copies.
Show All Copies
Location Call Number / Copy Notes Barcode Shelving Location Status Due Date
Hospic Dobrého Pastýře UM
Tematická katagorie: Umění (UM)
2045957006109 Knihovna Available -
Jabok Library VO-5.2 424480020782 Odborná literatura Available -

LDR 04350cam a22010817a 4500
00113688
003CZ-PrJAB
00520200702062758.0
008030319s1978 xr |||||r|||||||||||cze|d
035 . ‡a(CZ PrSKC)000771095
035 . ‡a(OCoLC)320447369
040 . ‡aABD001 ‡bcze ‡cABD001 ‡dABD001 ‡dABD103 ‡dABD156
072 7. ‡a904 ‡xKulturní památky historického období obecně ‡2Konspekt ‡98
24500. ‡aUmělecké památky Čech. ‡n2, ‡pK-O / ‡ckolektiv vědeckých a odborných pracovníků Ústavu teorie a dějin umění ČSAV v Praze za vedení a redakce Emanuela Pocheho ; [graficky upravil Petr Čech a Josef Týfa]
250 . ‡aVyd. 1.
260 . ‡aPraha : ‡bAcademia, ‡c1978
300 . ‡a578 s. : ‡b652 čb. obr. ; ‡c27 cm
500 . ‡aSeznam obrázků s. 568-578
520 . ‡aDruhý díl obsahující umělecké památky Čech v rozmezí písmen K-O s přesným popisem, nákresem a vyobrazením pamětihodnosti.
65007. ‡ačeská architektura ‡7ph128102 ‡2czenas
65007. ‡ačeské malířství ‡7ph116864 ‡2czenas
65007. ‡aumělecké památky ‡7ph126896 ‡zČesko ‡2czenas
65007. ‡aumělecká řemesla ‡7ph126886 ‡zČesko ‡2czenas
65007. ‡ačeské sochařství ‡7ph128152 ‡2czenas
65007. ‡atopografie ‡7ph126691 ‡2czenas
65007. ‡ačeské výtvarné umění ‡7ph116865 ‡2czenas
651 7. ‡aČesko ‡7ge128065 ‡2czenas
655 7. ‡aencyklopedie ‡7fd132201 ‡2czenas
7001 . ‡aTýfa, Josef, ‡d1913-2007 ‡7jk01140538 ‡4bkd
7001 . ‡aČech, Petr ‡7jn19981002538 ‡4bkd
7001 . ‡aPoche, Emanuel, ‡d1903-1987 ‡7jk01100335 ‡4edt
910 . ‡aABG312
910 . ‡aBNE702
901 . ‡a13688 ‡bCZ-PrJAB ‡c13688 ‡tbiblio

Additional Resources